Statystyki dla Czy odgadniesz jaki to klub piłkarski?

Kliknij tutaj aby rozwiązać quiz!

Ogólne statystyki

  • Ten quiz został rozwiązany 14 593 razy
  • Średni wynik to 7 z 10

Statystyki odpowiedzi

OpisKlub% Poprawnych
Holenderska drużyna, która wyeliminowała w tegorocznej edycji Ligi Mistrzów takie kluby jak Juventus czy Real.Ajax Amsterdam
90%
Jeden z najbardziej utytułowanych klubów we Włoszech. Swój stadion dzieli z AC Milanem.Inter Mediolan
89%
Drużyna, której Lewandowski strzelił 5 goli w 9 minut.Wolfsburg
86%
Swoje mecze rozgrywa na Allianz Arenie.Bayern Monachium
84%
Sensacyjny mistrz Anglii w sezonie 2015/16.Leicester City
76%
Obecny klub Zlatana Ibrahimovicia.LA Galaxy
63%
Monakijski klub, który z powodu braku rodzimej ligi występuje w Ligue 1.AS Monaco
56%
Klub z Portugalii. Grał w nim kiedyś polski bramkarz Józef Młynarczyk.Porto
56%
Ulubiony klub Donalda Tuska. Zwycięzca Pucharu Polski w sezonie 2018/19.Lechia Gdańsk
50%
Klub ze stolicy Polski. Swoją karierę zaczynał w nim Robert Lewandowski.Varsovia Warszawa
14%

Rozkład punktacji

Percentyl według liczby udzielonych odpowiedzi

Procent ludzi z każdym wynikiem

Twoja historia wyników

Nie rozwiązałeś tego quizu